000 00339nam a22001097a 4500
082 _a001
100 _aमात्यु माम्मन
_983056
245 _aमनोरमा इयर बुक 2025
260 _aDehli
_bमलयाला मनोरमा
_c2026
650 _aसामान्य ज्ञान
942 _cHIN
999 _c68530
_d68530